000 00775nam a22002297a 4500
999 _c944
_d944
003 AR-CdUCM
008 190225b ||||| |||| 00| 0 spa d
020 _a968161531X
040 _aMUNICIPALIDAD PROVINCIAL DEL CUSCO
_cBIBLIOTECA MUNICIPAL DEL CUSCO
082 _a869.15 /
_bR94
100 _aRulfo, Juan
_93654
245 _aEl Llano en Llamas /
_cRulfo, Juan
260 _aMexico :
_bFondo de Cultura Economica,
_c1983.
300 _a191 paginas ;
_c30cm.
505 _aNos han dado la tierra -- La cuesta de las comadres -- Es que somos muy pobres -- El hombre -- En la madrugada...
650 _aNovelas
_9218
650 _aCuentos
_9217
650 _aSiglo XX
_98
650 _aCampesinos en la literatura
_93655
942 _2ddc
_cLIBROS
945 _apjha
_d2019-02-25